[Event "PAR-ch (Women)"]
[White "Perez Rodriguez, Jennifer"]
[Black "Rojas, Montserrat"]
[Site "Asuncion"]
[Round "6"]
[Result "1-0"]
[Date "2017.10.08"]
[WhiteElo "2147"]
[BlackElo "1566"]
[PlyCount "105"]
[EventDate "2017.10.06"]
[EventType "swiss"]
[EventRounds "7"]
[EventCountry "PAR"]
[SourceTitle "CBM 181 Extra"]
[Source "ChessBase"]
[SourceDate "2017.12.12"]
[SourceVersion "1"]
[SourceVersionDate "2017.12.12"]
[SourceQuality "1"]

1. e4 c5 2. Nf3 d6 3. c3 Nf6 4. Bd3 g6 5. 0-0 Bg7 6. h3 0-0 7. Bc2 Nc6 8. Re1 e5 9. d4 Nd7 10. dxe5 Ndxe5 11. Nxe5 dxe5 12. Qe2 Be6 13. Be3 Qe7 14. Qb5 Rfd8 15. Bxc5 Qc7 16. Qe2 Rac8 17. Na3 b6 18. Be3 Na5 19. Bd3 Bc4 20. Nxc4 Nxc4 21. Bxc4 Qxc4 22. Qxc4 Rxc4 23. Rad1 Rcc8 24. Kf1 Kf8 25. Ke2 Ke8 26. Rxd8+ Rxd8 27. Rd1 Rxd1 28. Kxd1 Kd7 29. Kc2 Kc6 30. a4 a6 31. b4 b5 32. Kb3 f5 33. f3 f4 34. Bc5 Bf6 35. c4 Bd8 36. Bf8 Bb6 37. axb5+ axb5 38. c5 Bd8 39. Bg7 Bc7 40. Bf6 Kd7 41. Kc3 Ke6 42. Bg5 Kf7 43. Kd3 Kg7 44. Bxf4 exf4 45. Kd4 Kf7 46. Kd5 Ke7 47. Kc6 Be5 48. Kxb5 g5 49. Kc6 h5 50. b5 h4 51. Kb7 g4 52. c6 Kd8 53. b6 1-0

[Event "PAR-ch (Women)"]
[White "Rojas, Montserrat"]
[Black "Vargas, Gabriela"]
[Site "Asuncion"]
[Round "2"]
[Result "0-1"]
[Date "2017.10.07"]
[WhiteElo "1566"]
[BlackElo "2110"]
[PlyCount "98"]
[EventDate "2017.10.06"]
[EventType "swiss"]
[EventRounds "7"]
[EventCountry "PAR"]
[SourceTitle "CBM 181 Extra"]
[Source "ChessBase"]
[SourceDate "2017.12.12"]
[SourceVersion "1"]
[SourceVersionDate "2017.12.12"]
[SourceQuality "1"]

1. Nf3 Nf6 2. g3 d5 3. Bg2 c6 4. d3 Bg4 5. Nbd2 Nbd7 6. 0-0 e6 7. Re1 Be7 8. b3 0-0 9. Bb2 a5 10. Ne5 Nxe5 11. Bxe5 a4 12. c4 axb3 13. Qxb3 Nd7 14. Bb2 Nc5 15. Qc2 Na4 16. f3 Qb6+ 17. Kh1 Qxb2 18. Qxb2 Nxb2 19. fxg4 Bb4 20. Reb1 Bxd2 21. Rxb2 Bc3 22. Rbb1 Ra3 23. Rf1 Bxa1 24. Rxa1 Rfa8 25. Rb1 Rxa2 26. Bf3 R8a7 27. Kg2 dxc4 28. dxc4 Kf8 29. Rc1 Rd2 30. Kf2 Raa2 31. Ke3 Rdc2 32. Rb1 Rab2 33. Rxb2 Rxb2 34. Kd3 Ke7 35. Kc3 Rb1 36. Kc2 Re1 37. c5 Kd7 38. Kd2 Ra1 39. Kd3 Ra4 40. Be4 h6 41. Bf3 Kc7 42. Kc3 Kb8 43. Kb3 Ra1 44. Kb4 Ka7 45. Be4 Rd1 46. Bf3 Rd4+ 47. Kc3 e5 48. e3 Ra4 49. Kb3 Ra1 0-1

[Event "Asuncion (Women)"]
[White "Vargas, Gabriela"]
[Black "Rojas, Montserrat"]
[Site "Asuncion"]
[Round "6.1"]
[Result "1-0"]
[Date "2016.11.13"]
[WhiteElo "2086"]
[BlackElo "1578"]
[PlyCount "61"]
[EventDate "2016.11.12"]
[EventType "tourn"]
[EventRounds "6"]
[EventCountry "PAR"]
[SourceTitle "EXT 2023"]
[Source "ChessBase"]
[SourceDate "2022.10.05"]
[SourceVersion "1"]
[SourceVersionDate "2022.10.05"]
[SourceQuality "1"]

1. d4 Nf6 2. Bg5 e6 3. e4 Be7 4. Nd2 h6 5. Bh4 0-0 6. Bd3 d5 7. e5 Nh7 8. Bxe7 Qxe7 9. Ngf3 f5 10. exf6 Rxf6 11. 0-0 Bd7 12. c3 g6 13. Ne5 Kg7 14. Qc2 Be8 15. Ndf3 Nf8 16. Rfe1 Nbd7 17. Re3 c5 18. Nxd7 Bxd7 19. Rae1 c4 20. Be2 g5 21. Ne5 Be8 22. Rg3 Bg6 23. Qd1 Rf4 24. Bh5 Bxh5 25. Qxh5 Kh7 26. Rh3 Qf6 27. Ng4 Rxg4 28. Qxg4 Re8 29. Rhe3 Re7 30. Qf3 Qg6 31. Qxf8 1-0

[Event "Olympiad Women-42"]
[White "Rojas, Montserrat"]
[Black "Mukhit, Aisezym"]
[Site "Baku"]
[Round "9.4"]
[Result "0-1"]
[Date "2016.09.11"]
[WhiteElo "1561"]
[BlackElo "2065"]
[PlyCount "58"]
[EventDate "2016.09.02"]
[EventType "team-swiss"]
[EventRounds "11"]
[EventCountry "AZE"]
[SourceTitle "CBM 174 Extra"]
[Source "ChessBase"]
[SourceDate "2016.10.10"]
[SourceVersion "1"]
[SourceVersionDate "2016.10.10"]
[SourceQuality "1"]
[WhiteTeam "Paraguay (W)"]
[BlackTeam "Kazakhstan (W)"]
[WhiteTeamCountry "PAR"]
[BlackTeamCountry "KAZ"]

1. d4 Nf6 2. e3 c5 3. Nf3 e6 4. Bd3 d5 5. b3 Nc6 6. a3 cxd4 7. exd4 Bd6 8. Bb2 0-0 9. Nbd2 Qc7 10. 0-0 Rb8 11. Qe2 a6 12. Ne5 Nd7 13. f4 g6 14. Rf3 Ndxe5 15. fxe5 Be7 16. Rg3 b5 17. Rf1 Qa7 18. Qh5 Nxd4 19. Kh1 Nf5 20. Bxf5 exf5 21. Qh6 Bd8 22. e6 f6 23. Rxf5 Bxe6 24. Rh5 Qg7 25. Qe3 Re8 26. Rh4 Bc7 27. Rf3 Bg4 28. Bxf6 Rxe3 29. Bxg7 Bxf3 0-1

[Event "PAR-ch (Women)"]
[White "Martinez Ramirez, Anahi"]
[Black "Rojas, Montserrat"]
[Site "Asuncion"]
[Round "9"]
[Result "1/2-1/2"]
[Date "2015.11.29"]
[WhiteElo "1497"]
[BlackElo "1560"]
[PlyCount "33"]
[EventDate "2015.11.21"]
[EventType "tourn"]
[EventRounds "9"]
[EventCountry "PAR"]
[SourceTitle "CBM 169 Extra"]
[Source "ChessBase"]
[SourceDate "2015.12.18"]
[SourceVersion "1"]
[SourceVersionDate "2015.12.18"]
[SourceQuality "1"]

1. d4 Nf6 2. c4 e6 3. Nf3 Be7 4. Nc3 0-0 5. Bg5 h6 6. Bh4 b6 7. e3 Bb7 8. Bd3 Nc6 9. 0-0 Nb4 10. Be2 d5 11. a3 Nc6 12. Qc2 dxc4 13. Bxc4 Na5 14. Be2 Nd5 15. Bxe7 Qxe7 16. Rac1 Nc6 17. Bb5 1/2-1/2

[Event "PAR-ch (Women)"]
[White "Perez, Dalila"]
[Black "Rojas, Montserrat"]
[Site "Asuncion"]
[Round "7"]
[Result "1-0"]
[Date "2015.11.28"]
[WhiteElo "1828"]
[BlackElo "1560"]
[PlyCount "51"]
[EventDate "2015.11.21"]
[EventType "tourn"]
[EventRounds "9"]
[EventCountry "PAR"]
[SourceTitle "CBM 169 Extra"]
[Source "ChessBase"]
[SourceDate "2015.12.18"]
[SourceVersion "1"]
[SourceVersionDate "2015.12.18"]
[SourceQuality "1"]

1. d4 d5 2. c4 c6 3. Nc3 Nf6 4. Nf3 Bf5 5. e3 e6 6. Be2 Bb4 7. Qb3 Qe7 8. 0-0 0-0 9. Bd2 dxc4 10. Bxc4 Bd6 11. Rfe1 Be4 12. Nxe4 Nxe4 13. Bd3 Nxd2 14. Nxd2 Bb4 15. Rad1 Rd8 16. a3 Bxd2 17. Rxd2 b6 18. Be4 Qd6 19. Rc1 Rc8 20. Rdc2 f5 21. Bxf5 Rf8 22. Qxe6+ Qxe6 23. Bxe6+ Kh8 24. Bg4 Na6 25. Rxc6 h6 26. Bc8 1-0

[Event "PAR-ch (Women)"]
[White "Rojas, Montserrat"]
[Black "Rodriguez, Camila"]
[Site "Asuncion"]
[Round "6"]
[Result "1/2-1/2"]
[Date "2015.11.28"]
[WhiteElo "1560"]
[BlackElo "1428"]
[PlyCount "155"]
[EventDate "2015.11.21"]
[EventType "tourn"]
[EventRounds "9"]
[EventCountry "PAR"]
[SourceTitle "CBM 169 Extra"]
[Source "ChessBase"]
[SourceDate "2015.12.18"]
[SourceVersion "1"]
[SourceVersionDate "2015.12.18"]
[SourceQuality "1"]

1. d4 d5 2. Nf3 e6 3. e3 c5 4. b3 Nc6 5. Bb2 Nf6 6. Nbd2 cxd4 7. exd4 g6 8. Bd3 Bg7 9. 0-0 0-0 10. a3 Bd7 11. Ne5 Rc8 12. Nxd7 Nxd7 13. Nf3 e5 14. dxe5 Ndxe5 15. Rb1 Nxf3+ 16. Qxf3 Bxb2 17. Rxb2 Ne5 18. Qe3 Nxd3 19. Qxd3 Qd7 20. Rd1 Rfd8 21. h3 d4 22. Qd2 Rc3 23. Re1 Qd6 24. a4 Qa3 25. Rbb1 Qc5 26. Rb2 d3 27. cxd3 Rcxd3 28. Qe2 Qb6 29. Qe7 Qc6 30. Rbe2 Qc8 31. Qf6 R3d6 32. Re8+ Rxe8 33. Rxe8+ Qxe8 34. Qxd6 Qe1+ 35. Kh2 Qxf2 36. Qb8+ Kg7 37. Qxb7 Qb6 38. Qd5 Qc7+ 39. Kg1 Qb6+ 40. Kf1 a5 41. Ke2 Qb4 42. Kd3 f5 43. Qd4+ Qxd4+ 44. Kxd4 Kf7 45. b4 axb4 46. a5 b3 47. a6 b2 48. a7 b1Q 49. a8Q Qd1+ 50. Ke5 Qe2+ 51. Kf4 Qc4+ 52. Kg3 Qc3+ 53. Kf4 Qd2+ 54. Kg3 f4+ 55. Kh2 Kg7 56. Qa1+ Kh6 57. Qf6 Qe3 58. Qh4+ Kg7 59. Qg4 Qe5 60. Kh1 g5 61. Qd7+ Kg6 62. Qd3+ Qf5 63. Qd6+ Qf6 64. Qd3+ Kg7 65. Qd7+ Kh6 66. Qg4 Kg6 67. Qe2 h6 68. Qe8+ Kf5 69. Qd7+ Ke5 70. Qe8+ Qe6 71. Qb5+ Qd5 72. Qe8+ Qe6 73. Qb5+ Kf6 74. Qb2+ Kg6 75. Qc2+ Kh5 76. Qf2 Kg6 77. Qc2+ Qf5 78. Qc6+ 1/2-1/2

[Event "Asuncion op"]
[White "Rojas, Montserrat"]
[Black "Ocampos, Luis"]
[Site "Asuncion"]
[Round "7"]
[Result "1-0"]
[Date "2015.10.17"]
[WhiteElo "1580"]
[BlackElo "1447"]
[PlyCount "55"]
[EventDate "2015.10.08"]
[EventType "swiss"]
[EventRounds "9"]
[EventCountry "PAR"]
[SourceTitle "CBM 168 Extra"]
[Source "ChessBase"]
[SourceDate "2015.10.29"]
[SourceVersion "1"]
[SourceVersionDate "2015.10.29"]
[SourceQuality "1"]

1. d4 d5 2. Nf3 Nf6 3. e3 e6 4. Bd3 c5 5. b3 Nc6 6. a3 a6 7. Bb2 Bd6 8. Ne5 Qc7 9. f4 0-0 10. 0-0 cxd4 11. exd4 b5 12. Rf3 Ne7 13. Rh3 Ne4 14. Qh5 h6 15. Nc3 Bb7 16. Ne2 Bxe5 17. fxe5 f6 18. Nf4 Qd7 19. Ng6 Nxg6 20. Qxg6 fxe5 21. dxe5 Kh8 22. Bd4 Rf7 23. Rf3 Raf8 24. Raf1 Rf5 25. Rxf5 Rxf5 26. Rxf5 exf5 27. e6 Qe7 28. Qf7 1-0

[Event "Asuncion op"]
[White "Florentin, Damaso"]
[Black "Rojas, Montserrat"]
[Site "Asuncion"]
[Round "3"]
[Result "1-0"]
[Date "2015.10.11"]
[WhiteElo "1642"]
[BlackElo "1580"]
[PlyCount "137"]
[EventDate "2015.10.08"]
[EventType "swiss"]
[EventRounds "9"]
[EventCountry "PAR"]
[SourceTitle "CBM 168 Extra"]
[Source "ChessBase"]
[SourceDate "2015.10.29"]
[SourceVersion "1"]
[SourceVersionDate "2015.10.29"]
[SourceQuality "1"]

1. d4 Nf6 2. c3 d5 3. Bg5 e6 4. Nd2 h6 5. Bh4 Be7 6. e3 Nbd7 7. Ngf3 c5 8. Bb5 0-0 9. Qc2 cxd4 10. exd4 a6 11. Ba4 b5 12. Bb3 Bb7 13. a3 Rc8 14. Qd3 Ne4 15. Bg3 Nxg3 16. hxg3 f5 17. Bc2 Nf6 18. 0-0 Ne4 19. Rfe1 Rf6 20. Ne5 Bd6 21. Ndf3 g5 22. g4 Rc7 23. Re2 Qf8 24. Nh2 Qg7 25. Qh3 f4 26. Nhf3 Rc8 27. Rae1 Rcf8 28. Nd2 Nxd2 29. Rxd2 Bxe5 30. Rxe5 Bc6 31. f3 Be8 32. Rde2 Bg6 33. Kf2 Bxc2 34. Rxc2 Qg6 35. Rce2 Kf7 36. Re1 Qc2+ 37. R5e2 Qg6 38. Rh1 Kg7 39. Qh2 Rc8 40. Qg1 Qd3 41. Qe1 Rc6 42. Qc1 Rf7 43. Rd1 Qg6 44. Rde1 Rfc7 45. Qd2 Kf7 46. Re5 a5 47. Rc1 a4 48. Rce1 Rd6 49. Qe2 Rc4 50. g3 fxg3+ 51. Kxg3 Qf6 52. Qe3 Rcc6 53. Rf1 Kg7 54. f4 Rd7 55. Rf3 gxf4+ 56. Rxf4 Qg6 57. Rh5 Rcc7 58. Qe5+ Kh7 59. Rf6 Qd3+ 60. Kh4 Qd2 61. Rfxh6+ Qxh6 62. Rxh6+ Kxh6 63. Qxe6+ Kg7 64. g5 Kf8 65. g6 Kg7 66. Kg5 Rb7 67. Qf6+ Kg8 68. Kh6 Re7 69. Qc6 1-0

[Event "Asuncion Clasificatorio op 4th"]
[White "Rojas, Montserrat"]
[Black "Avalos, Leticia"]
[Site "Asuncion"]
[Round "6.12"]
[Result "0-1"]
[Date "2015.08.16"]
[WhiteElo "1613"]
[BlackElo "1677"]
[PlyCount "46"]
[EventDate "2015.08.14"]
[EventType "swiss"]
[EventRounds "7"]
[EventCountry "PAR"]
[SourceTitle "EXT 2023"]
[Source "ChessBase"]
[SourceDate "2022.10.05"]
[SourceVersion "1"]
[SourceVersionDate "2022.10.05"]
[SourceQuality "1"]

1. d4 Nf6 2. Nf3 e6 3. e3 c5 4. Bd3 d5 5. b3 Nbd7 6. Bb2 Bd6 7. Ne5 Qe7 8. Nd2 a6 9. 0-0 b5 10. Nxd7 Bxd7 11. dxc5 Bxc5 12. Qe2 0-0 13. f4 Bc6 14. Qf3 Rad8 15. Bd4 Ne4 16. Rad1 f5 17. g4 Bxd4 18. exd4 Qh4 19. gxf5 exf5 20. a3 Rd6 21. Kh1 Rh6 22. h3 Ng3+ 23. Kh2 Qxh3+ 0-1

[Event "Asuncion Clasificatorio op 4th"]
[White "Uribe, Gabriel"]
[Black "Rojas, Montserrat"]
[Site "Asuncion"]
[Round "1.5"]
[Result "1-0"]
[Date "2015.08.14"]
[WhiteElo "1957"]
[BlackElo "1613"]
[PlyCount "55"]
[EventDate "2015.08.14"]
[EventType "swiss"]
[EventRounds "7"]
[EventCountry "PAR"]
[SourceTitle "EXT 2023"]
[Source "ChessBase"]
[SourceDate "2022.10.05"]
[SourceVersion "1"]
[SourceVersionDate "2022.10.05"]
[SourceQuality "1"]

1. d4 Nf6 2. Nf3 g6 3. Bf4 Bg7 4. e3 0-0 5. Be2 d6 6. h3 Nbd7 7. c4 c5 8. Nc3 Nh5 9. Bh2 f5 10. Qd2 Nhf6 11. Ng5 cxd4 12. exd4 Nb6 13. Qe3 Bh6 14. f4 Bxg5 15. fxg5 Ne8 16. c5 dxc5 17. dxc5 Nd5 18. Bc4 e6 19. Nxd5 exd5 20. 0-0-0 Nc7 21. Bxc7 Qxc7 22. Bxd5+ Kh8 23. Rhe1 f4 24. Qe5+ Qxe5 25. Rxe5 Rd8 26. Rde1 Bf5 27. Bxb7 Rab8 28. c6 1-0

[Event "Asuncion Clasificatorio op 3rd"]
[White "Bergonzi, Osvaldo"]
[Black "Rojas, Montserrat"]
[Site "Asuncion"]
[Round "1.1"]
[Result "1/2-1/2"]
[Date "2015.07.17"]
[WhiteElo "1990"]
[BlackElo "1613"]
[PlyCount "43"]
[EventDate "2015.07.17"]
[EventType "swiss"]
[EventRounds "7"]
[EventCountry "PAR"]
[SourceTitle "EXT 2023"]
[Source "ChessBase"]
[SourceDate "2022.10.05"]
[SourceVersion "1"]
[SourceVersionDate "2022.10.05"]
[SourceQuality "1"]

1. e4 c5 2. c3 e6 3. d4 cxd4 4. cxd4 Bb4+ 5. Nc3 Nf6 6. Bd3 Nc6 7. Nf3 d5 8. e5 Ne4 9. Qc2 f5 10. exf6 Nxf6 11. 0-0 Bd6 12. Re1 0-0 13. Bg5 Nb4 14. Bxh7+ Nxh7 15. Qg6 Qe8 16. Qxe8 Rxe8 17. Re2 Bd7 18. a3 Nd3 19. Bh4 Nf4 20. Re3 Nf6 21. Rae1 Ng4 22. Bg3 1/2-1/2

[Event "Asuncion Mayor op 2nd"]
[White "Rojas, Montserrat"]
[Black "Florentin, Damaso"]
[Site "Asuncion"]
[Round "6"]
[Result "0-1"]
[Date "2015.06.14"]
[WhiteElo "1637"]
[BlackElo "1671"]
[PlyCount "56"]
[EventDate "2015.06.12"]
[EventType "swiss"]
[EventRounds "7"]
[EventCountry "PAR"]
[SourceTitle "EXT 2017"]
[Source "ChessBase"]
[SourceDate "2016.10.25"]
[SourceVersion "1"]
[SourceVersionDate "2016.10.25"]
[SourceQuality "1"]

1. e4 d6 2. d4 c6 3. Nc3 h6 4. f4 Qc7 5. Nf3 Bg4 6. Bc4 Bh5 7. Be3 Nd7 8. Qd2 Ngf6 9. h3 b5 10. Bd3 Bxf3 11. gxf3 e5 12. fxe5 dxe5 13. 0-0-0 exd4 14. Bxd4 Ne5 15. Qe2 Rd8 16. Be3 Bb4 17. Bd2 0-0 18. Rhg1 Kh7 19. Kb1 Nxd3 20. cxd3 Qd7 21. e5 Bxc3 22. Bxc3 Nd5 23. Qg2 g6 24. Bd2 Qf5 25. Qe2 Rfe8 26. Qe4 Rxe5 27. Qh4 Qxd3+ 28. Ka1 Ne3 0-1

[Event "Encarnacion op 1st"]
[White "Rojas, Montserrat"]
[Black "Pereira, Sergio1"]
[Site "Encarnacion"]
[Round "4"]
[Result "1/2-1/2"]
[Date "2015.04.03"]
[WhiteElo "1635"]
[BlackElo "1842"]
[PlyCount "78"]
[EventDate "2015.04.02"]
[EventType "swiss"]
[EventRounds "7"]
[EventCountry "PAR"]
[SourceTitle "CBM 166 Extra"]
[Source "ChessBase"]
[SourceDate "2015.06.18"]
[SourceVersion "1"]
[SourceVersionDate "2015.06.18"]
[SourceQuality "1"]

1. c4 c5 2. g3 Nc6 3. Bg2 g6 4. Nc3 Bg7 5. f4 d6 6. Nf3 e5 7. d3 Nge7 8. Rb1 a5 9. a4 0-0 10. Nb5 d5 11. 0-0 dxc4 12. dxc4 Bf5 13. Ra1 exf4 14. Bxf4 Nb4 15. Qc1 Qb6 16. Bd6 Rfe8 17. Ne5 Rac8 18. e4 Be6 19. Ra3 f6 20. Nd3 Bd7 21. Nxb4 axb4 22. Rd3 Bxb5 23. axb5 Rcd8 24. Rfd1 Nc8 25. Qd2 Nxd6 26. Rxd6 Qxd6 27. Qxd6 Rxd6 28. Rxd6 f5 29. exf5 Bxb2 30. Bxb7 Bd4+ 31. Kf1 gxf5 32. Bf3 b3 33. Bd1 b2 34. Bc2 Ra8 35. Ra6 Re8 36. b6 Rb8 37. Ke2 Bg1 38. Bxf5 Bxh2 39. g4 Rf8 1/2-1/2

[Event "Olympiad Women-40"]
[White "Horn, Emilia"]
[Black "Rojas, Montserrat"]
[Site "Istanbul"]
[Round "5.3"]
[Result "1-0"]
[Date "2012.09.01"]
[WhiteElo "2037"]
[BlackElo "1605"]
[PlyCount "83"]
[EventDate "2012.08.28"]
[EventType "team-swiss"]
[EventRounds "11"]
[EventCountry "TUR"]
[SourceTitle "CBM 150 Extra"]
[Source "ChessBase"]
[SourceDate "2012.10.19"]
[SourceVersion "1"]
[SourceVersionDate "2012.10.19"]
[SourceQuality "1"]
[WhiteTeam "Sweden (W)"]
[BlackTeam "Paraguay (W)"]
[WhiteTeamCountry "SWE"]
[BlackTeamCountry "PAR"]

1. e4 c5 2. Nf3 e6 3. d3 g6 4. g3 Bg7 5. Bg2 Nc6 6. 0-0 Nge7 7. c3 Qb6 8. Nbd2 0-0 9. Re1 Qc7 10. Nf1 e5 11. Be3 d6 12. Qc1 f5 13. Nh4 Be6 14. f4 b6 15. h3 Rad8 16. Qc2 Bf6 17. Nf3 d5 18. exf5 Bxf5 19. g4 Bc8 20. Qd2 d4 21. cxd4 exd4 22. Bf2 Rde8 23. Bg3 Qd7 24. a3 Nd5 25. Re4 Bg7 26. Rae1 Nf6 27. R4e2 h6 28. Nh4 Rxe2 29. Rxe2 Ne7 30. Rxe7 Qxe7 31. Nxg6 Qe8 32. Nxf8 Kxf8 33. f5 Bd7 34. Bf4 Ng8 35. Ng3 Bc6 36. Nh5 Kf7 37. b4 Bxg2 38. Kxg2 Qc6+ 39. Kh2 Qa4 40. Qa2+ Kf8 41. Bd6+ Ke8 42. Qxg8+ 1-0

[Event "Olympiad Women-40"]
[White "Franco Valencia, Beatriz Irene"]
[Black "Rojas, Montserrat"]
[Site "Istanbul"]
[Round "1.3"]
[Result "1-0"]
[Date "2012.08.28"]
[WhiteElo "2253"]
[BlackElo "1605"]
[PlyCount "47"]
[EventDate "2012.08.28"]
[EventType "team-swiss"]
[EventRounds "11"]
[EventCountry "TUR"]
[SourceTitle "CBM 150 Extra"]
[Source "ChessBase"]
[SourceDate "2012.10.19"]
[SourceVersion "1"]
[SourceVersionDate "2012.10.19"]
[SourceQuality "1"]
[WhiteTeam "Columbia (W)"]
[BlackTeam "Paraguay (W)"]
[WhiteTeamCountry "COL"]
[BlackTeamCountry "PAR"]

1. d4 Nf6 2. c4 d6 3. Nf3 g6 4. g3 Bg7 5. Bg2 0-0 6. Nc3 Nbd7 7. 0-0 e5 8. e4 Re8 9. Rb1 Rb8 10. b3 b6 11. Re1 Bb7 12. Bb2 Re7 13. Qc2 a6 14. Rbd1 Qf8 15. dxe5 dxe5 16. Nd5 Nxd5 17. cxd5 Qc8 18. Bh3 f6 19. Re3 c5 20. dxc6 Qxc6 21. Rc3 Qxe4 22. Qxe4 Bxe4 23. Bxd7 Rd8 24. Be6+ 1-0